Statistics for Songs with Names in the Title #2

Click here to take the quiz!

General Stats

  • This quiz has been taken 29,634 times
    (22,359 since last reset)
  • The average score is 11 of 20

Answer Stats

ArtistSong% Correct
Chuck Berry{Johnny} B. Goode
89%
The Beatles{Lucy} in the Sky with Diamonds
83%
Creedence Clearwater
Revival
Proud {Mary}
76%
Johnny CashA Boy Named {Sue}
71%
Elton John{Bennie} and the Jets
67%
Rick Springfield{Jessie}'s Girl
67%
Dexys Midnight RunnersCome On {Eileen}
65%
Irish Traditional{Danny} Boy
62%
Jim CroceBad, Bad, {Leroy} Brown
60%
John MellencampJack & {Diane}
56%
The Everly BrothersWake Up Little {Susie}
56%
Rod Stewart{Maggie} May
55%
Paul SimonYou Can Call Me {Al}
52%
Little RichardLong Tall {Sally}
51%
The Beatles{Maxwell}'s Silver Hammer
34%
The BeatlesDear {Prudence}
33%
Gordon LightfootThe Wreck of the
{Edmund} Fitzgerald
32%
James TaylorSweet Baby {James}
31%
Britney SpearsIf U Seek {Amy}
29%
The Ramones{Sheena} Is a Punk Rocker
19%

Score Distribution

Percentile by Number Answered

Percent of People with Each Score

Your Score History

You have not taken this quiz since the last reset